Dodgers Lineup for the 2024 Season - Statistics

General Stats
  • This quiz has been taken 128 times
  • The average score is 15 of 26
Answer Stats
Appearances Position Player % Correct
147 1B Freddie Freeman
100%
116 RF Mookie Betts
99%
128 C Will Smith
99%
159 DH Shohei Ohtani
98%
154 LF Teoscar Hernandez
94%
126 UTL Enrique Hernandez
89%
73 3B Max Muncy
88%
37 CF/SS Tommy Edman
79%
103 IF Miguel Rojas
74%
54 C Austin Barnes
71%
116 CF Andy Pages
67%
139 SS Gavin Lux
63%
87 OF Chris Taylor
60%
53 CF James Outman
55%
50 CP Blake Treinen
54%
67 RP Alex Vesia
50%
48 RP Anthony Banda
43%
61 RP Evan Phillips
40%
63 OF Jason Heyward
33%
30 SS Miguel Vargas
31%
35 RP Joe Kelly
22%
65 RP Daniel Hudson
20%
34 CF Kevin Kiermaier
14%
39 RP Michael Grove
13%
30 IF Cavan Biggio
11%
32 RP Ryan Yarbrough
11%
No matching quizzes found
Score Distribution
Percent of People with Each Score
Percentile by Number Answered
Your Score History
You have not taken this quiz